Textbook of wisdom: shortcuts to becoming wiser than your years (Record no. 603418)

000 -LEADER
fixed length control field 00433nam a22001577a 4500
020 ## - INTERNATIONAL STANDARD BOOK NUMBER
International Standard Book Number 9781785041921
082 ## - DEWEY DECIMAL CLASSIFICATION NUMBER
Classification number 121.3
Author Mark DEB
100 ## - MAIN ENTRY--PERSONAL NAME
Personal name De Bono, Edward
245 ## - TITLE STATEMENT
Title Textbook of wisdom: shortcuts to becoming wiser than your years
Statement of responsibility, etc. Edward De Bono,
260 ## - PUBLICATION, DISTRIBUTION, ETC.
Place of publication, distribution, etc. London:
Name of publisher, distributor, etc. Vermilion;
Date of publication, distribution, etc. 2019.
300 ## - PHYSICAL DESCRIPTION
Extent 257p.
563 ## - BINDING INFORMATION
Binding note PB.
650 ## - SUBJECT ADDED ENTRY--TOPICAL TERM
Topical term or geographic name entry element Thought and thinking
650 ## - SUBJECT ADDED ENTRY--TOPICAL TERM
Topical term or geographic name entry element Wisdom
942 ## - ADDED ENTRY ELEMENTS (KOHA)
Source of classification or shelving scheme
Koha item type Book
650 ## - SUBJECT ADDED ENTRY--TOPICAL TERM
-- 6711
650 ## - SUBJECT ADDED ENTRY--TOPICAL TERM
-- 60670
Holdings
Withdrawn status Lost status Source of classification or shelving scheme Damaged status Not for loan Permanent Location Current Location Date acquired Total Checkouts Total Renewals Full call number Barcode Date last seen Date last checked out Price effective from Koha item type
          Central Library (CL) Central Library (CL) 10/12/2023 2 4 121.3 DEB SEECS009826 10/30/2024 05/31/2024 10/12/2023 Book
© 2023 Central Library, National University of Sciences and Technology. All Rights Reserved.